00788nam a22001697a 450000500170000000800410001705000340005810000290009224500620012126000340018330000210021750000400023865001330027894200130041199900190042495201750044320260512104234.0260512b |||||||| |||| 00| 0 eng d aTHE LB 2825 .K4 M33 2025bC.1 aMagara, Dorothy Kwamboka aA Morphophonemic Analysis of Dholuo Loanwords in Ekegusii aKisiibKisii Universityc2025 axvii, 106p.:ill. aIncludes bibliographical references a1. Loanwords - Kenya - Case studies. 2. Morphophonemics - Kenya - Ekegusii language. 3. Dholuo language - Influence on Ekegusii. 2lcccREF c217109d217109 00102lcc406THE L B2825 K4 M00033 02025708SC9377420aKSULbKSULd2026-05-12i113315l0oTHE LB 2825 .K4 M33 2025pA002038r2026-05-12 10:44:05tC.1w2026-05-12yREF